000 00559nam a2200181Ia 4500
999 _c1867
_d1867
003 OSt
005 20200925143918.0
008 190216s9999||||xx |||||||||||||| ||und||
020 _a9788189866105
040 _coclc
082 _a571.5382
_bKUM/P
100 _a Kumar, Ashwani
_95026
245 0 _aPlant Tissue Culture And Molecular Markers /
_cAshwani Kumar ; N S Shekhawat
260 _bI.K.International Publishing,
_c2013.
_aNew Delhi:
300 _a686p
650 _aBotany
942 _cBK
_2ddc
_h571.5382
_iKUM/P
_k571.5382
_mKUM/P